[Event "FIDE Zone 3.4 Men-ch 2017"]
[Site "Tashkent"]
[Date "2017.06.16"]
[Round "1.1"]
[White "Kakageldyev, Amanmurad"]
[Black "Vakhidov, Jahongir"]
[Result "1-0"]
[WhiteElo "2376"]
[BlackElo "2519"]
[Annotator "TA"]
[PlyCount "67"]
[EventDate "2017.??.??"]
[EventType "swiss"]
[EventCountry "UZB"]
[SourceTitle "playchess.com"]
[Source "ChessBase"]
[SourceQuality "1"]

{[%evp 9,67,28,30,24,22,25,21,29,58,45,53,48,92,101,129,120,183,116,107,120,103,117,144,147,139,145,202,195,264,258,259,256,264,261,243,235,235,258,356,367,359,379,374,378,360,303,1577,1545,1186,1174,2112,2058,29986,29987,29987,29988,29988,29989,29989,29990]} 1. d4 d6 2. e4 g6 3. c4 Bg7 4. Nc3 Nf6 5. Nge2 {[%cal Bg1e2,Be2g3,Bg3f1][%mdl 32]} a6 6. Ng3 {E70: King's Indian: Miscellaneous lines with 4 e4, including 5 Nge2 and 5 Bd3 0-0 6 Nge2} h5 {[%cal Bh7h5,Bh5h4][%mdl 32]} (6... O-O 7. Be2 c5 8. d5 b5 9. cxb5 axb5 10. Nxb5 Na6 11. O-O Nc7 12. Nxc7 Qxc7 13. Bd2 Nd7 14. Qc2 Ba6 {1-0 (57) Sandipan,C (2656)-Mamedov,N (2575) Kavala 2011}) 7. Be2 h4 8. Nf1 {The position is equal.} Nbd7 $146 ({Predecessor:} 8... c6 9. a4 a5 10. Be3 Na6 11. Nd2 e5 12. d5 Nc5 13. O-O Qe7 14. Ra3 Kf8 15. Re1 Bh6 {½-½ (15) Zeller,F (2420)-Hug,W (2425) Germany 1998}) 9. Be3 c5 10. d5 Ne5 {[#]} 11. h3 $1 b5 12. cxb5 {[%cal Bc4b5,Bb5b6][%mdl 32]} c4 (12... Nh5 $16) 13. f4 (13. b6 $18) 13... Nd3+ $16 14. Bxd3 cxd3 {[#]} 15. b6 $1 a5 16. Nd2 O-O 17. O-O e6 (17... Nh5 $16 18. Nc4 Bxc3) 18. dxe6 $18 d5 (18... Bxe6 $142 19. f5 gxf5 20. exf5 Bc8) 19. e5 d4 20. e7 $1 {[%cal Re7d8]} (20. exf6 $6 Bxf6 21. Bf2 dxc3 $16) 20... Qxe7 21. Bxd4 ({Weaker is} 21. exf6 Qxe3+ 22. Kh1 dxc3 $15) 21... Nh5 22. Nde4 {Hoping for Bc5.} Rd8 23. Qxd3 Qb4 24. Rfd1 Nxf4 25. Qe3 Ne6 {[%cal Re6d4]} 26. Bc5 Rxd1+ 27. Rxd1 ({Not} 27. Nxd1 Nxc5 28. Nxc5 Qxb6 $11) 27... Qc4 $2 (27... Qxb2 28. Rb1 Qc2) 28. b3 Qa6 29. Nd5 Qb5 30. a4 Qa6 31. Ndf6+ {White mates.} Bxf6 32. Nxf6+ Kg7 33. Ne8+ Kh7 34. Qf2 {Precision: White = 91%, Black = 36%.} 1-0

[Event "FIDE Zone 3.4 Men-ch 2017"]
[Site "Tashkent"]
[Date "2017.06.16"]
[Round "1.2"]
[White "Atabayev, Maksat"]
[Black "Saydaliev, Saidakbar"]
[Result "1/2-1/2"]
[WhiteElo "2498"]
[BlackElo "2375"]
[Annotator "TA"]
[PlyCount "95"]
[EventDate "2017.??.??"]
[EventType "swiss"]
[EventCountry "UZB"]
[SourceTitle "playchess.com"]
[Source "ChessBase"]
[SourceQuality "1"]

{[%evp 17,95,-20,17,0,10,2,15,0,8,18,52,8,36,0,2,-16,0,-57,-57,-45,-25,-37,0,0,0,0,0,0,0,0,18,-12,16,-16,-9,-20,-11,-33,-19,-41,-27,-53,-52,-41,-49,-57,-48,-48,-27,-28,-27,-28,-27,-28,-28,-41,-41,-40,-40,-43,-42,-47,-35,-52,-52,-52,-52,-44,-26,-52,-27,-27,0,-37,0,-40,165,-65,-58,-126]} 1. e4 e5 2. Nf3 Nc6 3. Bb5 a6 4. Ba4 Nf6 5. d3 d6 6. c4 g6 7. h3 Bg7 8. O-O O-O 9. Nc3 Nd7 {LiveBook: 6 Games. C77: Ruy Lopez: 3...a6 4 Ba4 Nf6, unusual lines} 10. Bg5 f6 11. Be3 f5 {The position is equal.} 12. exf5 gxf5 13. Bg5 Nf6 $146 ({Predecessor:} 13... Bf6 14. Bh6 Re8 15. Qd2 Nc5 16. Bd1 Ne6 17. Nh2 {0-1 (39) Green,A (2172)-Greet,A (2451) Hamilton 2010}) 14. d4 h6 15. Bh4 {Bxc6 is the strong threat.} e4 16. Ne1 {[%cal Bf3e1,Be1c2,Bc2e3][%mdl 32]} Ne7 $1 17. f4 ({White should play} 17. f3 $11) 17... Ng6 $15 18. Bg3 h5 19. Nc2 c5 20. Kh1 Be6 21. d5 Bd7 22. Bxd7 Qxd7 23. a4 b6 (23... h4 $5 {[%cal Rh4g3]} 24. Be1 b6 $15) 24. Ne3 Kf7 25. Qe2 h4 $36 {[%mdl 2048] Black has some pressure.} 26. Bh2 a5 27. Rad1 Rh8 28. Qc2 Ne7 29. Qb3 Rab8 30. Ne2 Nh5 31. Kg1 {[%cal Bh1g1,Bg1f2,Bf2e1,Be1d1,Bd1c1,Bc1b1][%mdl 32]} Bf6 32. Kf2 Qc7 33. Ke1 Rbg8 34. Rd2 Ke8 {[%cal Bf7e8,Be8d8,Bd8c8,Bc8b8][%mdl 32]} 35. Kd1 Kd8 36. Nc3 Kc8 37. Nb5 Qd7 38. Kc1 Rg6 39. Qd1 Ng3 40. Rff2 Bg7 41. Kb1 Kb8 42. Qb3 Bh6 43. Qd1 Ng8 44. Rc2 {[%cal Bd2c2,Bc2c3,Bc3b3][%mdl 32]} Nf6 45. Rc3 (45. b4 $5) 45... Ne8 46. Rb3 {Threatens to win with Nd4!} (46. Bxg3 $5 hxg3 47. Rf1 $17) 46... Nc7 $2 {[#]} (46... Bg7 $15 {keeps the upper hand.}) 47. Nxc7 $2 (47. Nd4 $1 $18 {[%mdl 512]} Kb7 (47... cxd4 48. Qxd4) 48. Nc6) 47... Kxc7 48. Bxg3 {Precision: White = 40%, Black = 50%.} (48. Rb5 $15) 1/2-1/2

[Event "FIDE Zone 3.4 Men-ch 2017"]
[Site "Tashkent"]
[Date "2017.06.16"]
[Round "1.3"]
[White "Nigmatov, Ortik"]
[Black "Kuybokarov, Temur"]
[Result "1/2-1/2"]
[WhiteElo "2363"]
[BlackElo "2487"]
[Annotator "TA"]
[PlyCount "75"]
[EventDate "2017.??.??"]
[EventType "swiss"]
[EventCountry "UZB"]
[SourceTitle "playchess.com"]
[Source "ChessBase"]
[SourceQuality "1"]

{[%evp 23,75,-3,-10,-25,-21,-24,-24,-51,0,0,0,0,0,0,0,0,0,0,0,0,4,13,32,31,70,0,0,0,0,0,0,0,0,0,0,4,7,0,0,0,185,89,72,0,0,0,0,0,0,0,0,-90,0,0]} 1. e4 c5 2. Nf3 d6 3. d4 cxd4 4. Nxd4 Nf6 5. Nc3 a6 6. h3 e6 7. g4 h6 8. Bg2 Be7 {B81: Sicilian Scheveningen: Keres Attack} (8... Nc6 9. Nxc6 bxc6 10. e5 Nd5 11. exd6 Bxd6 12. Ne4 Be5 13. O-O Qc7 14. c4 Nf4 15. Bxf4 Bxf4 16. Qf3 O-O {0-1 (58) Ganguly,S (2668)-Vachier Lagrave,M (2804) Doha 2016}) 9. Be3 Nc6 10. Qe2 Nxd4 11. Bxd4 e5 12. Be3 b5 {LiveBook: 10 Games} 13. O-O O-O 14. a3 Be6 15. Nd5 $146 ({Predecessor:} 15. Rfd1 Rc8 16. f4 exf4 17. Bxf4 {0-1 (41) Zhdanov,P (2041)-Elistratov,S (2244) Kazan 2015}) 15... Bxd5 (15... Nxd5 $15 16. exd5 Bd7) 16. exd5 $11 Nd7 {[%cal Bf6d7,Bd7b8,Bb8c6,Bc6d4][%mdl 32]} 17. c4 bxc4 18. Rac1 Bg5 19. Rxc4 Bxe3 20. Qxe3 a5 21. Rc6 Nb8 22. Rb6 a4 23. Rc1 Ra6 24. Rcc6 (24. Rb5 $14) 24... Nxc6 25. Rxa6 Nd4 26. Rxa4 f5 27. gxf5 Qd7 28. Rc4 Qxf5 {aiming for ...Qb1+.} 29. Be4 Qh5 $132 {[%mdl 2048] Black has counterplay} 30. Kg2 Qh4 31. Bb1 Rf4 $2 {[#]} (31... Qd8 $11 {and Black stays safe.}) 32. Rc8+ (32. Qg3 $1 $18 {has better winning chances. Rc8+ is the strong threat.} Qd8 33. Qg6) 32... Kf7 $16 {Strongly threatening ...Rf3.} 33. Rc7+ (33. Qg3 $16 {Intending Qg6+ and mate.} Qxg3+ 34. fxg3) 33... Kf8 $11 {And now ...Rf3 would win.} 34. Qg3 Qf6 $1 35. Rc8+ Ke7 36. Rc7+ Kf8 $1 37. Kf1 {[#]} (37. Rc8+ $11 Ke7 38. Rg8) 37... e4 (37... g5 $1 $17) 38. Rxg7 {Precision: White = 62%, Black = 71%.} 1/2-1/2

[Event "FIDE Zone 3.4 Men-ch 2017"]
[Site "Tashkent"]
[Date "2017.06.16"]
[Round "1.4"]
[White "Abdusattorov, Nodirbek"]
[Black "Kakabaev, Mergen"]
[Result "1-0"]
[WhiteElo "2462"]
[BlackElo "2348"]
[Annotator "TA"]
[PlyCount "58"]
[EventDate "2017.??.??"]
[EventType "swiss"]
[EventCountry "UZB"]
[SourceTitle "playchess.com"]
[Source "ChessBase"]
[SourceQuality "1"]

{[%evp 19,58,0,0,0,13,10,23,0,0,0,16,0,0,-7,-12,0,-32,-53,-45,-41,0,0,0,0,0,-47,0,12,35,38,38,0,97,57,95,0,0,0,0,0,0]} 1. e4 e5 2. Nf3 Nc6 3. Bc4 Nf6 4. d3 Bc5 5. c3 d6 6. h3 a6 7. Bb3 {C54: Giuoco Piano: 4 c3 Nf6, main lines with 5 d4 and 5 d3} Ba7 8. O-O h6 9. Be3 Bxe3 10. fxe3 O-O {[%cal Be8g8,Bg8g7,Bg7f8][%mdl 32] LiveBook: 3 Games} 11. Nbd2 Ne7 $146 ({Predecessor:} 11... Be6 12. Bc2 Ne7 13. Nh4 Ne8 14. d4 Bd7 15. Bb3 Nf6 16. Rxf6 gxf6 {½-½ (26) Radjabov,T (2756)-Anand,V (2783) Baku 2009}) 12. Nh4 Be6 13. Rxf6 gxf6 14. Qh5 Kg7 15. Rf1 Rh8 16. Rf3 Qd7 17. Rg3+ Kf8 18. d4 {[#] And now d5 would win.} Bxb3 19. axb3 a5 20. Rf3 $36 {[%cal Bg3f3,Bf3f2,Bf2a2][%mdl 2080] White fights for an advantage.} Ng8 21. Nf5 a4 22. bxa4 Rxa4 (22... Rh7 $15) 23. Nf1 $11 Ra1 24. Kh2 {[%mdl 1024] White has compensation.} Rh7 {[%cal Bh8h7,Bh7g7,Bg7g5][%mdl 32] [#] Strongly threatening ...Qb5.} 25. Rf2 Re1 (25... Qb5 $1 $11 {keeps the balance.} 26. N1g3 Qd3) 26. b3 Qc8 27. N5g3 (27. N1g3 $16) 27... Rg7 {The position is equal.} 28. Ra2 Rg5 29. Qf3 h5 {[%mdl 32768] Precision: White = 55%, Black = 44%. . Loss on Time!?} 1-0

[Event "FIDE Zone 3.4 Men-ch 2017"]
[Site "Tashkent"]
[Date "2017.06.16"]
[Round "1.5"]
[White "Urazayev, Arystanbek"]
[Black "Atabayev, Yusup"]
[Result "1/2-1/2"]
[WhiteElo "2327"]
[BlackElo "2454"]
[Annotator "TA"]
[PlyCount "115"]
[EventDate "2017.??.??"]
[EventType "swiss"]
[EventCountry "UZB"]
[SourceTitle "playchess.com"]
[Source "ChessBase"]
[SourceQuality "1"]

{[%evp 14,115,20,35,53,52,80,81,86,86,85,79,168,119,162,155,153,158,163,82,91,71,111,100,94,68,113,61,120,48,52,52,53,61,59,54,62,46,56,36,75,-7,95,95,87,90,109,56,55,54,53,60,56,26,52,12,11,10,8,0,0,0,0,-40,-14,-33,0,-88,-75,-75,-73,-74,-76,-70,-74,-115,-105,-114,-63,-75,-89,-113,-27,-23,0,0,0,0,0,0,0,0,0,0,0,0,0,0,0,0,0,0,0,0]} 1. e4 c5 2. Nf3 Nc6 3. Bb5 d6 4. Bxc6+ bxc6 5. O-O e5 6. c3 f5 7. d4 {B51: Sicilian: Moscow Variation (3 Bb5+) without 3...Bd7} (7. exf5 Be7 8. d4 e4 9. Nfd2 Nf6 10. f3 exf3 11. Nxf3 Bxf5 12. dxc5 O-O 13. Nd4 Bd7 14. Nd2 Rb8 {½-½ (65) Mokshanov,A (2402)-Popov,I (2618) Sochi 2017}) 7... fxe4 8. Ng5 {LiveBook: 13 Games} Bf5 9. f3 $146 {White is slightly better.} ({Predecessor:} 9. dxe5 h6 10. g4 hxg5 11. gxf5 d5 12. Qa4 Qb6 13. Bxg5 Ne7 14. c4 Nxf5 15. cxd5 {½-½ (37) Petr,J (2151)-Bellahcene,B (2311) Al Ain 2013}) 9... Nf6 10. fxe4 Bg4 11. Qb3 {[%csl Gg5][%cal Rb3f7]} Qd7 12. dxe5 dxe5 (12... c4 $16 13. Qxc4 dxe5) 13. Nd2 Bd6 14. Nc4 Bc7 15. Be3 Rb8 16. Qa4 (16. Qc2 $18) 16... O-O $16 17. Bxc5 Rfe8 18. Qc2 ({Stronger than} 18. Bxa7 Ra8 $11) 18... a5 19. Nf3 Rb5 20. Be3 (20. b4 $16) 20... Bh5 (20... Qf7 $14 21. Ncd2 h6) 21. a4 (21. Bg5 $1 $16) 21... Rbb8 $14 22. h3 Bg6 23. Nfd2 $1 Nd5 24. Bc5 Nf4 25. Rad1 Qe6 26. Ne3 Red8 27. Nf5 ({White should play} 27. Ndc4 $16) 27... Nd3 (27... Bh5 $11 28. Nf3 Rxd1 29. Rxd1 Bxf3 30. gxf3 g6 31. Nh6+ Kg7) 28. Ne7+ $16 Kh8 29. Nxg6+ Qxg6 30. Be3 ({White should try} 30. Ba7 $1 $16 {[%cal Ra7b8]} Ra8 31. Be3) 30... h6 $14 ({Don't blunder} 30... Nxb2 $2 31. Rb1 $18) ({Don't go for} 30... Rxb2 $2 31. Qxd3 $1 {[%mdl 512]} h6 32. Qc4 $18) 31. b3 Nf4 32. Bxf4 $1 exf4 33. Nf3 Re8 34. Rfe1 Bb6+ 35. Kh2 Be3 $1 36. Rd7 Qxe4 37. Qxe4 Rxe4 38. Nd2 Ree8 39. Rd3 Bf2 40. Re4 (40. Rxe8+ $11 Rxe8 41. Rf3 Bg3+ 42. Kg1) 40... Bg3+ 41. Kg1 Rxe4 42. Nxe4 Rxb3 $17 {[%mdl 4096] Endgame ( -> ...Rb1+). KRB-KRN} 43. Kf1 Ra3 $1 44. Rd4 {[#]} Ra2 $1 45. Rc4 Kh7 (45... Bh4 $17 46. Nd6 Kh7) 46. Rxc6 Rxa4 47. c4 Ra2 (47... Bh4 $17 {White must now prevent ...Ra3.} 48. Nd6 Ra2) 48. c5 Ra4 49. Re6 {The position is equal.} Rd4 (49... Kg8 $5 {[%cal Rg8f7]} 50. Re8+ Kf7 51. Nd6+ Kg6 $11) 50. Ke2 a4 51. Nxg3 fxg3 $11 {KR-KR} 52. Kf3 Rc4 53. Ra6 Rxc5 {And now ...Rc3+ would win.} (53... h5 {seems wilder.} 54. Kxg3 g5 55. c6 a3 56. Kf3 a2) 54. Rxa4 Rc3+ 55. Kg4 h5+ 56. Kxh5 Rc2 57. Kg4 Rxg2 58. Kf3 {Precision: White = 54%, Black = 50%.} 1/2-1/2

[Event "FIDE Zone 3.4 Men-ch 2017"]
[Site "Tashkent"]
[Date "2017.06.16"]
[Round "1.6"]
[White "Tologontegin, Semetey"]
[Black "Esenov, Annaberdi"]
[Result "0-1"]
[WhiteElo "2439"]
[BlackElo "2325"]
[Annotator "TA"]
[PlyCount "98"]
[EventDate "2017.??.??"]
[EventType "swiss"]
[EventCountry "UZB"]
[SourceTitle "playchess.com"]
[Source "ChessBase"]
[SourceQuality "1"]

{[%evp 9,98,66,60,60,60,60,61,61,64,63,74,70,73,68,75,73,85,85,99,89,96,80,79,77,76,73,68,71,72,37,71,64,88,59,64,76,74,72,61,0,0,20,27,22,97,0,0,0,0,0,2,-30,0,-107,-16,-15,-33,-38,-18,-159,-60,-178,-181,-130,-149,-171,-167,-181,-160,-183,-177,-283,-132,-157,-96,-190,-195,-267,-208,-982,-983,-986,-960,-29992,-29993,-29994,-29995,-29996,-29997,-29998,-29999]} 1. Nf3 c5 2. e3 Nf6 3. d4 b6 4. d5 (4. c4 g6 5. Nc3 Bg7 6. Bd3 O-O 7. O-O e6 8. b3 Nc6 9. Bb2 cxd4 10. exd4 d5 11. cxd5 Nxd5 12. Nxd5 Qxd5 13. Re1 {½-½ (49) Juhasz,K (2390)-Pap,G (2541) Aschach 2014}) 4... Bb7 5. Nc3 d6 6. e4 {A47: 1 d4 Nf6 2 Nf3 b6: Torre, London and Colle Systems} a6 7. a4 Nbd7 $146 ({Predecessor:} 7... g6 8. Bc4 Nbd7 9. O-O Bg7 10. h3 O-O 11. Bf4 Ne8 {1-0 (81) Dresen,U (2313)-Sponheim,M (2002) Niederrhein 2006}) 8. Be2 {White is slightly better.} g6 9. O-O Bg7 10. Be3 O-O 11. Qd2 Ng4 12. Bg5 {[%cal Be3g5,Bg5h4,Bh4g3,Bg3f4][%mdl 32]} f6 13. Bh4 Bc8 14. Ne1 Nh6 15. Bg3 f5 16. Bf4 Nf7 17. exf5 gxf5 18. Nf3 Nde5 19. Nxe5 Nxe5 20. Bg5 Ra7 21. Rae1 Qe8 22. f4 Ng4 23. Bxg4 fxg4 24. Re2 (24. Ne4 $5 {[%cal Re4d6]}) 24... g3 (24... h6 $5 25. Bh4 $8 b5 $15) 25. hxg3 Bg4 26. Ree1 b5 (26... Bd4+ $11 27. Kh2 b5) 27. b3 (27. Ne4 $16) 27... Bd4+ $11 28. Kh2 Qh5+ 29. Bh4 b4 30. Ne2 Bg7 31. Qe3 (31. f5 $11) 31... Rf5 (31... Qxd5 $17 32. Rd1 Qh5) 32. c4 bxc3 33. Nxc3 Rb7 34. Rb1 (34. Nd1 $11 {remains equal.}) 34... Qf7 ({Black should play} 34... Rf7 $17 {Strongly threatening ...Bd4.} 35. Ne4 Qxd5) 35. Rfe1 (35. Qd3 $15) 35... Rh5 $1 $19 {Threatens to win with ...Bd4.} 36. Ne4 Qxd5 37. Nf2 Bd4 $36 {[%mdl 2048] Black is in control.} 38. Qd2 Bf5 39. Rbd1 Qxb3 40. Nh3 (40. Qe2 $142 Rh6 41. Rxd4 $1 {[%mdl 512]} cxd4 42. Qxa6) 40... Qf7 ({Don't take} 40... Qxa4 41. Qe2 $19) (40... Bc3 $19 41. Qe2 Rh6 42. Qxa6 Bxe1 43. Rxe1 Bxh3 44. Kxh3 Kg7) 41. Ng5 {[#]} Qc4 (41... Rxh4+ $142 $1 {[%mdl 512]} 42. gxh4 Qh5 43. Qa2+ Kg7 44. Ne6+ Bxe6 45. Qxe6 Qxh4+ 46. Qh3 Qxf4+ 47. Qg3+ Qxg3+ 48. Kxg3 e5) 42. Qa5 {[#]} (42. Rc1 $17 Qxa4 43. Qe2) 42... Bf6 $1 43. Qd8+ Kg7 44. Nh3 $2 (44. Nf3) 44... Rxh4 45. gxh4 Bxh3 46. Kxh3 Qxf4 {[%csl Gf6][%cal Rf4h4] Black mates.} 47. g3 Qf5+ 48. Kg2 Rb2+ 49. Kg1 Qf2+ {Precision: White = 54%, Black = 54%.} 0-1

[Event "FIDE Zone 3.4 Men-ch 2017"]
[Site "Tashkent"]
[Date "2017.06.16"]
[Round "1.7"]
[White "Tillyaev, Ulugbek"]
[Black "Kostenko, Petr"]
[Result "0-1"]
[WhiteElo "2316"]
[BlackElo "2438"]
[Annotator "TA"]
[PlyCount "88"]
[EventDate "2017.??.??"]
[EventType "swiss"]
[EventCountry "UZB"]
[SourceTitle "playchess.com"]
[Source "ChessBase"]
[SourceQuality "1"]

{[%evp 15,88,4,14,0,7,3,3,1,1,-7,-2,1,18,-18,-16,-23,-24,-41,-1,-56,-23,-25,-17,-30,-30,-48,-31,-81,-50,-93,-69,-75,-80,-65,-81,-115,-105,-93,-91,-140,-96,-116,-102,-103,-126,-127,-97,-203,-221,-390,-347,-489,-491,-531,-524,-622,-614,-595,-566,-760,-742,-724,-702,-818,-811,-1236,-1216,-1196,-1153,-1608,-1650,-1577,-1641,-1778,-1685]} 1. e4 {[%cal Be2e4,Be4e5][%mdl 32]} e6 2. d4 d5 3. Nc3 Nf6 4. e5 Nfd7 5. f4 c5 6. Nf3 Nc6 7. Be3 Be7 8. Qd2 O-O 9. Be2 {C11: French: Classical System: 4 e5 and 4 Bg5 dxe4} (9. a3 cxd4 10. Nxd4 Nxd4 11. Bxd4 Nb8 12. Bd3 Nc6 13. Bf2 a6 14. O-O f6 15. exf6 Bxf6 16. Na4 b5 {½-½ (30) Svidler,P (2748)-Short,N (2675) Caleta 2017}) 9... a6 10. O-O b5 11. Nd1 {The position is equal.} b4 12. dxc5 Nxc5 13. Nf2 a5 14. Bb5 $146 ({Predecessor:} 14. Nd4 Nxd4 15. Bxd4 Ba6 16. Rae1 Qc7 17. Kh1 {0-1 (38) Browne,W (2447)-Akobian,V (2574) Stillwater 2007}) 14... Qb6 15. Bxc6 Qxc6 16. Nd4 Qc7 17. Nb3 (17. Rfc1 $11) 17... Ne4 18. Nxe4 dxe4 19. Qf2 Bb7 $36 {[%mdl 2048] Black fights for an advantage.} 20. Nd4 Rad8 21. Rad1 {[%cal Ba1d1,Bd1d2,Bd2b2,Bb2b6][%mdl 32]} Rd5 22. Rd2 g6 23. Rc1 Qc4 24. c3 bxc3 ({Not} 24... Qxa2 $2 25. b3 $18) 25. bxc3 Ba6 26. h3 Rb8 27. Rb2 Rc8 {aiming for ...Ba3.} 28. Rb6 Bc5 29. Rbb1 Ba3 30. Rc2 Rdd8 31. f5 (31. Kh2 $17 {was called for.}) 31... exf5 $19 32. Nxf5 $2 {[#]} (32. Rd2) 32... gxf5 33. Qg3+ (33. Qxf5 $142 Rd3 34. Qg5+ Kf8 35. Kh2) 33... Kf8 {Black is clearly winning.} 34. Bh6+ Ke8 35. Kh2 Qe6 36. Be3 Qg6 37. Rb6 Qxg3+ 38. Kxg3 Bd3 39. Rf2 Rxc3 40. Rxf5 Bc4 41. Kf4 {[#]} Rxe3 $1 42. Rg5 (42. Kxe3 Bc5+) 42... Re1 43. Rg8+ Kd7 44. Rb7+ Kc6 {Precision: White = 26%, Black = 55%.} 0-1

[Event "FIDE Zone 3.4 Men-ch 2017"]
[Site "Tashkent"]
[Date "2017.06.17"]
[Round "2.1"]
[White "Sattarov, Bobir"]
[Black "Abdusattorov, Nodirbek"]
[Result "0-1"]
[WhiteElo "2389"]
[BlackElo "2462"]
[Annotator "TA"]
[PlyCount "132"]
[EventDate "2017.??.??"]
[EventType "swiss"]
[EventCountry "UZB"]
[SourceTitle "playchess.com"]
[Source "ChessBase"]
[SourceQuality "1"]

{[%evp 17,132,32,55,41,48,44,43,33,35,39,45,43,39,20,78,56,57,68,84,77,80,0,117,60,58,61,97,16,24,0,0,0,0,-10,-8,-35,-15,-18,-19,-105,-99,-85,-85,-108,-98,-234,-234,-223,-214,-218,-230,-264,-173,-169,-165,-287,-266,-260,-266,-275,-251,-318,-302,-352,-352,-313,-282,-311,-337,-275,-180,-718,-789,-914,-916,-907,-870,-982,-945,-1432,-1414,-1049,-1106,-1033,-983,-1202,-1183,-1423,-1384,-1500,-1510,-1481,-1108,-1375,-1085,-1648,-1581,-1775,-1741,-1641,-1708,-1579,-1505,-996,-832,-1564,-1549,-1610,-1318,-2254,-1979,-12845,-12845,-12845,-12845,-29987,-29988]} 1. e4 c5 2. Nf3 d6 3. d4 Nf6 4. Nc3 cxd4 5. Nxd4 a6 6. Be3 e5 7. Nb3 Be6 8. f4 Ng4 9. Bd2 {B90: Sicilian Najdorf: Unusual White 6th moves, 6 Be3 Ng4 and 6 Be3 e5} Qb6 {[%csl Gg4][%cal Rb6f2] LiveBook: 12 Games} (9... exf4 10. Bxf4 Nc6 11. Qd2 Be7 12. O-O-O Nce5 13. h3 Ng6 14. g3 N4e5 15. Nd4 O-O 16. h4 Bg4 {1-0 (40) Perunovic,M (2580)-Damljanovic,B (2573) Kragujevac 2009}) 10. Qe2 {Strongly threatening f5.} exf4 11. Bxf4 {White is slightly better.} Nd7 12. h3 Nge5 13. O-O-O Rc8 $146 ({Predecessor:} 13... Be7 14. Be3 Qc7 15. Kb1 O-O 16. Nd4 Rfe8 {0-1 (39) Moritz,A (2104)-Kraus,T (2272) Pardubice 2012}) 14. Qe3 Qc7 15. Be2 g6 (15... Be7 $11 {keeps the balance.}) 16. Kb1 Nb6 17. Qd4 Rd8 18. Bb5+ Nbd7 19. Be2 ({Better is} 19. Bf1 $16) 19... Rc8 (19... Nb6 $1 $11) 20. h4 (20. Bg5 $16) 20... h5 $14 21. Bg5 Be7 22. Rd2 ({White should play} 22. Bxe7 $16 Kxe7 23. Rhf1) 22... Nb6 23. Rhd1 Bxg5 24. hxg5 O-O 25. Qf2 ({Much weaker is} 25. Qxd6 Nec4 $17) 25... Nbc4 26. Bxc4 $1 Nxc4 27. Rd3 b5 28. Nd5 (28. a3 $11) 28... Bxd5 $1 $17 29. Rxd5 Rfe8 30. Re1 Qd7 31. Nc5 {[#]} (31. Nd2 $17 {might work better.}) 31... Qc6 $1 $19 ({Weaker is} 31... Rxc5 {[#]} 32. Qxc5 $1 {[%mdl 512]} Qg4 33. Qf2 $16) 32. Nd3 {[#]} Rxe4 $1 {[%mdl 512]} 33. Rxe4 Qxd5 34. Re7 Rf8 35. b3 Qxg5 36. Ra7 (36. Re2 $142) 36... Nd2+ 37. Kb2 Ne4 38. Qf3 f5 39. Nb4 Rf7 40. Ra8+ Kh7 41. Nd5 Qd2 42. Qd3 Qxg2 43. Qd4 {[%csl Ga8][%cal Rd4h8]} Rg7 44. Qb6 $2 (44. Re8) 44... Qd2 45. Qd8 Kh6 46. Qh8+ Rh7 47. Qf8+ Kg5 48. Qg8 Qd4+ 49. c3 Qd2+ 50. Ka3 Rh6 51. Rxa6 h4 52. Qd8+ Kg4 53. Nf6+ Nxf6 54. Qxf6 {[%mdl 4096] Endgame KQR-KQR} Qc1+ 55. Kb4 Qf4+ 56. c4 h3 57. Rxd6 h2 58. Rd4 h1=Q 59. Rxf4+ Kxf4 60. Qd4+ Kg5 61. Qd8+ Kg4 62. cxb5 Qe4+ 63. Ka5 f4 {[%cal Bf5f4,Bf4f3,Bf3f2][%mdl 32]} 64. b6 Rh7 65. b4 f3 66. b5 f2 {Precision: White = 37%, Black = 72%.} 0-1

[Event "FIDE Zone 3.4 Men-ch 2017"]
[Site "Tashkent"]
[Date "2017.06.17"]
[Round "2.2"]
[White "Kostenko, Petr"]
[Black "Vokhidov, Shamsiddin"]
[Result "1-0"]
[WhiteElo "2438"]
[BlackElo "2381"]
[Annotator "TA"]
[PlyCount "81"]
[EventDate "2017.??.??"]
[EventType "swiss"]
[EventCountry "UZB"]
[SourceTitle "playchess.com"]
[Source "ChessBase"]
[SourceQuality "1"]

{[%evp 11,81,31,35,15,48,10,10,13,13,12,0,14,8,0,14,17,20,9,55,43,106,83,84,80,88,83,136,143,141,128,140,112,109,0,-2,0,0,0,98,89,73,71,67,0,0,0,75,75,75,75,75,75,75,75,75,75,97,97,570,537,5708,4902,29975,29976,29976,29977,5214,29978,29980,29981,29981,29982]} 1. d4 d5 2. Bf4 Nf6 3. e3 Bf5 4. c4 e6 5. Nc3 c6 6. Qb3 {D00: 1 d4 d5: Unusual lines} Qc8 {LiveBook: 33 Games} 7. Nge2 $146 ({Predecessor:} 7. Nf3 Nbd7 8. h3 Be7 9. Be2 O-O 10. O-O Nb6 11. c5 Nbd7 12. Qd1 Ne4 13. Rc1 Re8 14. Nxe4 Bxe4 15. Nd2 Bg6 16. Bh2 a5 17. Nb1 Bd8 18. Nc3 e5 19. Re1 Bc7 {½-½ (60) Grischuk,A (2810)-Wang,H (2710) Beijing 2014}) 7... Nbd7 8. Ng3 {White is slightly better.} Bg6 9. h4 {Threatens to win with cxd5.} h5 10. cxd5 Nxd5 11. Nxd5 exd5 12. Bd3 Bxd3 13. Qxd3 Bb4+ 14. Kf1 g6 15. e4 dxe4 (15... Nb6 $14) 16. Qxe4+ Kf8 17. d5 Be7 18. Rc1 {[%cal Rd5c6]} c5 (18... Nb6 $142) 19. b4 b6 20. Rh3 $1 Qa6+ 21. Kg1 Re8 22. d6 ({White should try} 22. Qc2 $16) 22... Bg5 $1 $11 23. Qf3 Bxf4 24. Qxf4 $40 {[%mdl 128] Strongly threatening bxc5. Black needs to defend precisely.} Qxa2 (24... Qa4 $11 {remains equal.}) 25. bxc5 $16 bxc5 26. Ne4 {Black must now prevent Nf6.} Qd5 27. Re3 ({Better is} 27. Ng5 $1 $14) 27... Kg7 $11 28. Ra1 Re5 {[#]} (28... a5 $11) 29. Nf6 $1 $16 {[%cal Rf6d5][%mdl 512]} Qe6 (29... Nxf6 30. Qxe5) 30. Nxd7 Rxe3 31. Qxe3 {And now Qc3+ would win.} Qxd7 {[%mdl 4096] Endgame KQR-KQR} 32. Qe5+ Kh7 33. Qxc5 Rc8 34. Qd4 ({Of course not} 34. Rxa7 Rxc5 35. Rxd7 Kg7 $11) 34... Ra8 $2 {[%mdl 8192] [#]} (34... Qe6 $16 {is tougher.}) 35. Re1 $1 $18 {[%cal Re1e7] aiming for Re7.} Kg8 36. Re7 Qd8 37. Qd5 Qf8 {[#]} 38. Rxf7 $3 {[%mdl 512]} Qxf7 39. Qxa8+ Kg7 40. Qc8 Qd5 41. Qc7+ {Precision: White = 83%, Black = 47%.} 1-0